Представление документа в формате RUSMARC

ПолеНазваниеЗначение
  Тип записи a
  Библиографический уровень a
001 Контрольный номер RU/CBS_Ul/BASE/504269754
005 Дата корректировки 20250122214510.3
100 Данные общей обработки __
a Данные общей обработки 20151224d2015 ||| 0rusy0189 ca
101 Язык документа 0_
a Язык текста rus
102 Страна публикации __
a Страна публикации RU
105 Кодированные данные (монография) __
a Кодированные данные (монография) y###||||000|y
200 Заглавие и сведения об ответственности 1_
a Заглавие В столичном метро запущен поезд "Читающая Москва"
b Общее обозначение материала Текст
e Сведения, относящиеся к заглавию [литературный проект "Книги моей жизни" запущен в Москвоском метрополитене]
f Первые сведения об ответственности Н. Борисова
300 Общие примечания __
a Общие примечания Ограничения по возрасту - 16+
461 Уровень набора _0
1 2000
a Российская газета
463 Уровень физической единицы _0
1 001RU/CBS_Ul/BASE/504267434
1 2000
a № 292 (24дек.-13 янв.)
v С. 3
1 210
d 2015
606 Тематические рубрики 0_
a Основная рубрика "Книги моей жизни", общероссийская акция (2015)
610 Ключевые слова 0_
a Ключевые слова литературные акции
610 Ключевые слова 0_
a Ключевые слова литературные проекты
610 Ключевые слова 0_
a Ключевые слова метрополитены
610 Ключевые слова 0_
a Ключевые слова читающая Москва
610 Ключевые слова 0_
a Ключевые слова литературная Москва
610 Ключевые слова 0_
a Ключевые слова чтение
686 Индексы других классификаций __
a Классификационный индекс 83.3(2Рос=Рус)6
a Классификационный индекс 78.303
2 Код системы ББК
700 Автор _1
a Фамилия Борисова
b Имя (инициалы) Н.
g Полное личное имя Наталья
801 Источник записи _0
a Страна RU
b Организация МБУК ЦБС г. Ульяновска
c Дата составления 20151224
g Правила каталогизации RCR
801 Источник записи _1
a Страна RU
b Организация МБУК ЦБС г. Ульяновска
c Дата составления 20151224
g Правила каталогизации RCR
901 Тип документа __
t Тип документа f
w Контрольный № источника RU/CBS_Ul/BASE/504267434
910 Корректоры записи __
a Корректор записи Ильина
938 Служебная информация __
a Имя БД period